| 000 | 01624nam a2200421 c 4500 | ||
|---|---|---|---|
| 003 | BLK | ||
| 005 | 20250220173340.0 | ||
| 008 | 180408b bul|||||r ||||||| ||bul|| | ||
| 010 | _aKNG00084555000 | ||
| 020 |
_a978-954-8775-83-0 _bиздат.: Ковачев |
||
| 040 | _aBLK | ||
| 041 |
_aBUL _cBUL |
||
| 080 |
_aГеография на Македония _b913(497.7) _x(035) _z913(497.7)(035) |
||
| 100 |
_aДойков, Васил Георгиев _gГеограф, краевед, писател _d1930-2018 _9364377 |
||
| 700 | 1 |
_aДимитров, Слави Петров _eсъавт. _9296138 |
|
| 139 |
_aДойков, Васил Георгиев и др. _bД 71 |
||
| 245 | 1 | 0 |
_aРепублика Македония _cВасил Георгиев Дойков; съавт. Слави Петров Димитров. |
| 250 | _a2. доп. и прераб. изд. | ||
| 257 | _aBGR | ||
| 260 |
_аСофия _bКовачев _c2008 |
||
| 300 |
_a100 с., 16 л. _bцв. ил. _c21 см |
||
| 380 | _a91 | ||
| 490 | 1 | _aГеографска библиотека | |
| 500 | _a1. изд. 1999. - Библиогр. с. 97. | ||
| 504 | _a97 | ||
| 650 | 4 |
_aМакедония - география _9299473 |
|
| 651 | 4 |
_aМакедония _9243713 |
|
| 653 | _aгеография | ||
| 653 | _aнаселение | ||
| 653 | _aтуристически обекти | ||
| 653 | _aМакедония | ||
| 852 | _aЦб 240599 | ||
| 856 | 4 |
_qpdf _u |
|
| 856 | 4 |
_qpdf _u |
|
| 942 |
_cKNG _n0 _02 |
||
| 944 |
_aCR _c21.07.2008 _k30531 _lЦветелина Шанова |
||
| 944 |
_aED _c02.12.2014 _kПенка_Димитрова |
||
| 999 |
_c80071 _d80071 |
||